000 00380nam a22001577a 4500
003 MPLRDC
005 20220104114048.0
008 210129b ||||| |||| 00| 0 eng d
082 _a830 HSK
100 _a濠上客编著
245 _a奇妙诗词话女人
_c
260 _a
_b新风文化事业公司
_c
300 _b
650 _a中国文学总集
942 _cBK
_o830 HSK
999 _c4520
_d4510